Nonlinear operators and nonlinear equations of evolution in banach spaces
Αποθηκεύτηκε σε:
| Κύριος συγγραφέας: | |
|---|---|
| Συγγραφή απο Οργανισμό/Αρχή: | |
| Μορφή: | Βιβλίο |
| Γλώσσα: | English |
| Δημοσίευση: |
Providence, R.I. :
American Mathematical Society,
1976
|
| Σειρά: | Proceedings of symposia in pure mathematics ;
; 18, pt. 2 |
| Θέματα: | |
| Ετικέτες: |
Προσθήκη ετικέτας
Δεν υπάρχουν, Καταχωρήστε ετικέτα πρώτοι!
|
MARC
| LEADER | 00000cam a2200000 i 4500 | ||
|---|---|---|---|
| 001 | 1/44138 | ||
| 008 | 941103s1976 eng d | ||
| 020 | |a 0821802445 | ||
| 035 | |l 10042206 | ||
| 035 | |a 1993 | ||
| 040 | |a GR-MY-UA |b gre |e aacr | ||
| 041 | 0 | |a eng | |
| 082 | 0 | |a 515.72 | |
| 100 | 1 | |a Browder, Felix E. | |
| 245 | 1 | 0 | |a Nonlinear operators and nonlinear equations of evolution in banach spaces / |c by Felix E. Browder |
| 260 | |a Providence, R.I. : |b American Mathematical Society, |c 1976 | ||
| 300 | |a viii, 308 p.; |c 27 cm. | ||
| 490 | 1 | |a Proceedings of symposia in pure mathematics |v ; 18, pt. 2 | |
| 500 | |a Paper prepared for the Symposium on Nonlinear Functional Analysis, Chicago, 1968 | ||
| 500 | |a Bibliography: p. 285-301 | ||
| 500 | |a Includes indexes | ||
| 650 | 0 | 0 | |a Nonlinear operators. |
| 650 | 0 | 0 | |a Differential equations, Nonlinear. |
| 650 | 0 | 0 | |a Functional equations. |
| 650 | 0 | 0 | |a Banach spaces. |
| 710 | 2 | |a American Mathematical Society. | |
| 830 | 0 | |a Proceedings of symposia in pure mathematics ; |v ; 18, pt. 2 | |
| 852 | |a INST |b SAMOS |e 19941103 |h 515.72 BRO |p 005300004356 |q 005300004356 |t BK |y 0 | ||
| 852 | |a INST |b SAMOS |e 19980903 |h 515.72 BRO |p 005300012130 |q 005300012130 |t BK |y 0 | ||
| 901 | |a BIBL-1998-3 | ||
| 909 | |a Σ |b 049916 | ||
| 909 | |a Σ |b 033454 | ||
| 922 | |a 3ΕΛΗ |b 199809 |c ΔΩΡ | ||